Biodiversity action plan for Indonesia (Registro nro. 1158)
[ vista simple ]
| 000 -CABECERA | |
|---|---|
| Campo de control | 00902cam a2200205 a 4500 |
| 005 - FECHA Y HORA DE LA ULTIMA TRANSACCION | |
| Campo de control | 20171114100656.0 |
| 008 - ELEMENTOS DE LONGITUD FIJA—INFORMACION GENERAL | |
| Campo de control | 950223s1993 io ab f000 0 eng |
| 040 ## - FUENTE DE CATALOGACIÓN | |
| Agencia catalogadora original | DLC |
| Agencia transcriptora | DLC |
| Agencia Modificadora | DLC |
| -- | CO-BoIAVH |
| 041 0# - IDIOMA | |
| Código de idioma para texto/pista de sonido o título separado | Inglés |
| 044 ## - PAÍS DE PUBLICACIÓN | |
| País de publicación | Indonesia |
| 082 00 - NUMERO DE CLASIFICACION DECIMAL DEWEY | |
| Número de clasificación | 333.951609598 |
| Número del ítem | B61a |
| 245 00 - MENCION DE TITULO | |
| Título | Biodiversity action plan for Indonesia |
| 260 ## - PUBLICACION, DISTRIBUCION, ETC. (PIE DE IMPRENTA) | |
| Lugar de publicación, distribución, etc. | Jakarta (Indonesia) : |
| Nombre del editor, distribuidor, etc. | Ministry of National Development Planning : |
| -- | National Development Planning Agency, |
| Fecha de publicación, distribución, etc. | 1993. |
| 300 ## - DESCRIPCION FISICA | |
| Extensión | iv, 141 páginas : |
| Otros detalles físicos | ilustraciones a color, mapas (algunos a color) ; |
| Dimensiones | 28 x 21 cm. |
| 650 26 - ASIENTO SECUNDARIO DE MATERIA - TERMINO TEMATICO | |
| Término temático o nombre geográfico como elemento de entrada | Conservación de la diversidad biológica |
| Subdivisión general | Planeación |
| Subdivisión geográfica | Indonesia |
| 9 (RLIN) | 86872 |
| 650 26 - ASIENTO SECUNDARIO DE MATERIA - TERMINO TEMATICO | |
| Término temático o nombre geográfico como elemento de entrada | Conservación de la diversidad biológica |
| Subdivisión general | Política ambiental |
| Subdivisión geográfica | Indonesia |
| 9 (RLIN) | 86873 |
| 710 1# - ASIENTO SECUNDARIO - NOMBRE CORPORATIVO | |
| Nombre corporativo o de jurisdicción como elemento de entrada | Indonesia |
| Unidad subordinada | Menteri Negara Perencanaan Pembangunan Nasional |
| 9 (RLIN) | 86874 |
| 710 1# - ASIENTO SECUNDARIO - NOMBRE CORPORATIVO | |
| Nombre corporativo o de jurisdicción como elemento de entrada | Indonesia |
| Unidad subordinada | Badan Perencanaan Pembangunan Nasional |
| 9 (RLIN) | 86875 |
| 942 ## - ELEMENTOS ADICIONALES (KOHA) | |
| Sistema de clasificación | Dewey Decimal Classification |
| Tipo de ítem | Libro |
| Withdrawn status | Lost status | Sistema de Clasificación | Damaged status | No para préstamo | Colección | Inventariado | Ubicación Permanente | Ubicación actual | Fecha de adquisición | Fuente de Valor | Valor | Total Checkouts | Número topográfico | Inventario / Código de Barras | Date last seen | Ejemplar | Price effective from | Forma de adquisición | Tipo de material |
|---|---|---|---|---|---|---|---|---|---|---|---|---|---|---|---|---|---|---|---|
| Dewey Decimal Classification | General | Inventariado 2017 | Sala Fabio Quevedo | Sala Fabio Quevedo | 17/04/1999 | Instituto | 39000.00 | LB-333.951609598 B61a | 001570 | 04/12/2012 | Ej. 1 | 04/12/2012 | Donación | Libro |